MLB Top 100 Prospects 2022 - Statistics

General Stats
  • This quiz has been taken 159 times
  • The average score is 36 of 100
Answer Stats
Hint Answer % Correct
1 Royals SS/3B Bobby Witt Jr.
94%
3 Mariners OF Julio Rodriguez
89%
2 Orioles C Adley Rutschman
84%
6 Orioles RHP Grayson Rodriguez
84%
5 Tigers OF Riley Greene
77%
22 Reds RHP Hunter Greene
76%
4 Tigers 1B/3B Spencer Torkelson
75%
8 Yankees SS Anthony Volpe
74%
10 Mets C Francisco Alvarez
63%
76 Reds 3B/SS Elly De La Cruz
62%
9 Padres SS CJ Abrams
59%
26 Pirates SS Oneil Cruz
59%
19 Diamondbacks OF Corbin Carroll
58%
14 Red Sox SS Marcelo Mayer
57%
35 Marlins RHP Max Meyer
57%
15 Cubs OF Brennen Davis
56%
7 Blue Jays C Gabriel Moreno
56%
24 Pirates C Henry Davis
56%
16 Red Sox 1B Triston Casas
55%
31 Giants C Joey Bart
54%
18 Diamondbacks OF Alek Thomas
50%
13 Giants SS Marco Luciano
49%
34 Marlins RHP Edward Cabrera
48%
33 Cardinals 2B/3B Nolan Gorman
48%
12 Rays RHP Shane Baz
48%
17 Rangers RHP Jack Leiter
47%
30 Cardinals 3B Jordan Walker
47%
29 Rangers 3B Josh Jung
47%
11 Mariners SS Noelvi Marte
47%
46 Twins SS Royce Lewis
47%
27 Mets 3B/OF Brett Baty
46%
21 Angels LHP Reid Detmers
46%
52 Twins OF/SS Austin Martin
44%
41 Marlins RHP Eury Perez
44%
45 Phillies SS Bryson Stott
43%
91 Rays SS Greg Jones
43%
64 Orioles SS/3B Gunnar Henderson
43%
32 Mariners RHP George Kirby
39%
61 Yankees OF Jasson Dominguez
39%
51 Royals C MJ Melendez
38%
23 Diamondbacks SS Jordan Lawlar
36%
44 Padres C Luis Campusano
36%
42 Reds LHP Nick Lodolo
36%
59 Athletics C Shea Langeliers
36%
36 Rockies OF Zac Veen
36%
57 Dodgers RHP Bobby Miller
35%
58 Marlins RHP Sixto Sanchez
34%
65 Braves OF Michael Harris II
33%
60 Yankees SS Oswald Peraza
32%
38 Blue Jays SS/3B Orelvis Martinez
31%
28 Dodgers C Diego Cartaya
30%
86 Padres LHP MacKenzie Gore
30%
20 Pirates 2B Nick Gonzales
30%
77 Rays OF/2B/SS Vidal Brujan
30%
37 Padres OF Robert Hassell III
28%
96 Yankees C Austin Wells
27%
83 Rangers INF Ezequiel Duran
27%
93 Mariners C Harry Ford
27%
85 Red Sox OF Jarren Duran
27%
25 Marlins SS Kahlil Watson
27%
43 Cardinals LHP Matthew Liberatore
27%
48 Rangers RHP Cole Winn
26%
39 Nationals RHP Cade Cavalli
25%
66 Orioles OF Colton Cowser
25%
50 Rays OF Josh Lowe
25%
40 Tigers RHP Jackson Jobe
24%
62 Royals 1B Nick Pratto
24%
49 Nationals SS Brady House
23%
70 Brewers OF Sal Frelick
23%
74 Rays RHP Taj Bradley
23%
67 Dodgers 2B/1B Michael Busch
22%
68 Dodgers OF Andy Pages
21%
90 Orioles LHP DL Hall
21%
56 Athletics C Tyler Soderstrom
21%
72 Royals LHP Asa Lacy
19%
82 Mariners RHP Emerson Hancock
19%
54 Pirates RHP Quinn Priester
19%
47 Guardians OF George Valera
18%
81 Phillies RHP Mick Abel
18%
78 Mets SS Ronny Mauricio
18%
92 Cubs SS Cristian Hernandez
17%
55 Red Sox 2B Nick Yorke
17%
53 Guardians RHP Daniel Espino
16%
69 Marlins OF JJ Bleday
16%
80 Blue Jays SS/3B Jordan Groshans
15%
75 Giants LHP Kyle Harrison
15%
87 Reds SS Matt McLain
15%
84 Guardians INF Brayan Rocchio
13%
73 Guardians INF Gabriel Arias
13%
94 Dodgers 3B/2B/1B Miguel Vargas
13%
100 Brewers OF Joey Wiemer
11%
98 Mariners RHP Matt Brash
11%
88 Guardians INF Tyler Freeman
11%
97 Twins RHP Joe Ryan
10%
89 Rangers 2B Justin Foscue
8%
79 Pirates SS Liover Peguero
8%
63 Giants OF Luis Matos
8%
95 Twins 3B/2B/1B Jose Miranda
7%
71 Pirates RHP Roansy Contreras
6%
99 Diamondbacks LHP Blake Walston
5%
No matching quizzes found
Score Distribution
Percent of People with Each Score
Percentile by Number Answered
Your Score History
You have not taken this quiz